000 00666nam a2200217 a 4500
001 52462
003 BD-RjUL
005 20211209075818.0
008 191121s1959 n a 001 0 eng d
035 _a(BD-RjUL)52582
040 _aBD-RjUL
_cDLC
_dDLC
_dBD-RjUL
_beng
041 _aeng
082 0 0 _a697.93
_bBUR 1959
_223
100 _aBurkhardt, Charles H.
_952246
245 1 0 _aResidential and commercial air conditioning : sizing, installation, servicing./
_cby Charles Henry Burkhardt
260 _aNew York :
_bMcGraw-Hill,
_c1959
300 _ax, 324 p. :
_bill. ;
_c23 cm.
500 _aInclude index
650 _aAir conditioning
_9235278
942 _2ddc
_cBK
999 _c52462
_d52462